ロード中...

Modern Digital and Analog Communication Systems

書誌詳細
第一著者: B P Lathia
出版事項: Oxford University Press
版:4
LEADER 00226 a2200097 4500
100 |a B P Lathia 
245 |a Modern Digital and Analog Communication Systems 
250 |a 4 
260 |b Oxford University Press 
942 |c BK  |6 _ 
999 |c 70194  |d 70194